LEADER 01327nas a2200241 i 4500 001 000000256453 003 CaOOAMICUS 005 20190624120430.0 008 171114b2016 it ar u0 0mul r 013 $a235361 040 $aSeMil$bita 240 10$aAlti sentieri d'Asia : vita, cultura e miti dei popoli dell'Hindu Kush.$0(OLS)http://semarc/title/412260 245 10$a2016. 260 $aFirenze :$bSocietà Italiana di Antropologia e Etnologia,$c2016 (stampa 2017) 300 $a265 p. :$bill., tabelle ;$c24 cm. 500 $aVolume dedicato all'inaugurazione di una nuova sala del Museo di Antropologia ed Etnologia, Firenze, 13 ottobre 2016. - Articoli con sintesi in italiano [Riassunto] e in inglese [Summary] in testa. - Contiene : Rendiconti della Società Italiana di Antropologia e Etnologia [giugno-novembre 2016]. 773 0 $tArchivio per l'Antropologia e l'Etnologia.$dFirenze : La Nuova Italia $x0373-3009$w()1910 850 $aSeMil 852 $aSeMil$W1$xVenegono$y1$m95 5 49$j206799$B206799$CSeMilBibl$Z2$F220205 $85 961 $aAbbonamento: Società Italiana di Antropologia e Etnologia 996 $6245$a2016$9(OLS)http://semarc/title/349576 996 $6260$aFirenze :$bSocietà Italiana di Antropologia e Etnologia$9(OLS)http://semarc/publisher/47351 LEADER 01221nam a2200253 i 4500 001 000000245940 003 CaOOAMICUS 005 20151021000000.0 008 151021s1931 it u000 u ita u 013 $a224845 040 $aSeMil$bita 245 13$aIl Matrimonio Cristiano :$bscritti vari a commento dell'Enciclica "Casti Connubii" preceduti dall'Enciclica di S.S. Pio 11. /$cA. Gemelli ... [et al.]. 260 $aMilano :$bVita e Pensiero,$c1931. 300 $aIX, 257 p. ;$c19 cm. 500 $aFondo card. Giovanni Colombo. 650 4$aMatrimonio .$0(OLS)http://semarc/subject/2197 650 4$aPio XI - Encicliche . Casti connubii.$0(OLS)http://semarc/subject/16077 700 1 $aGemelli, Agostino,$c.$0(OLS)http://semarc/name/2238 850 $aSeMil 852 $aSeMil$W1$xVenegono$y1$m3GC II 463$j196286$B196286$CSeMilBibl$Z2$F207071 $8B 941 1 $a3 961 $aLascito: Colombo Card. Giovanni 996 $6245$aIl Matrimonio Cristiano :$bscritti vari a commento dell'Enciclica "Casti Connubii" preceduti dall'Enciclica di S.S. Pio 11.$9(OLS)http://semarc/title/347636 996 $6260$aMilano :$bVita e Pensiero$9(OLS)http://semarc/publisher/29642